[Event "CP-2014-P-00053"]
[Site "LSS email"]
[Date "2014.09.30"]
[Round "?"]
[White "Zolendowski, Cesary"]
[Black "Czech, Zygfryd"]
[Result "1-0"]
[WhiteElo "2225"]
[BlackElo "1366"]
[PlyCount "81"]
[EventDate "2014.10.01"]
[EventType "tourn (corr)"]
[EventRounds "6"]
[EventCountry "GER"]
[SourceTitle "Corr 2015"]
[Source "ChessBase"]
[SourceDate "2015.07.17"]
[SourceVersion "1"]
[SourceVersionDate "2015.07.17"]
[SourceQuality "1"]

1. e4 c5 2. Nf3 d5 3. exd5 Qxd5 4. Nc3 Qd8 5. d4 Nf6 6. Bb5+ Nbd7 7. dxc5 e6 8. Be3 a6 9. Ba4 Be7 10. 0-0 0-0 11. b4 b5 12. Bb3 Bb7 13. Qe2 Qc7 14. Nd4 h6 15. Rfd1 Nxc5 16. bxc5 Bxc5 17. a4 b4 18. Na2 Bd6 19. h3 Bc5 20. Rac1 Rad8 21. c3 bxc3 22. Rxc3 Ne4 23. Rcd3 Rfe8 24. Nc3 Qa5 25. Nxe6 Nxc3 26. Qg4 fxe6 27. Bxh6 Bf8 28. Bxe6+ Kh7 29. Bf5+ Kg8 30. Bxg7 Ne2+ 31. Kf1 Bxg7 32. Be6+ Kh7 33. Rxd8 Rxd8 34. Qh4+ Kg6 35. Rxd8 Qg5 36. Bf7+ Kf5 37. g4+ Kf4 38. Qxg5+ Kxg5 39. Kxe2 Bg2 40. Rg8 Kf6 41. Be8 1-0

[Event "SE-2014-0-00173"]
[Site "LSS email"]
[Date "2014.08.10"]
[Round "?"]
[White "Czech, Zygfryd"]
[Black "Wilshusen, Horst"]
[Result "1-0"]
[WhiteElo "1366"]
[BlackElo "1247"]
[PlyCount "53"]
[EventDate "2014.06.22"]
[EventType "tourn (corr)"]
[EventRounds "6"]
[EventCountry "GER"]
[SourceTitle "Corr 2015"]
[Source "ChessBase"]
[SourceDate "2015.07.17"]
[SourceVersion "1"]
[SourceVersionDate "2015.07.17"]
[SourceQuality "1"]

1. e4 c6 2. d4 d5 3. Nc3 dxe4 4. Nxe4 Bf5 5. Ng3 Bg6 6. h4 h6 7. Nf3 Nd7 8. h5 Bh7 9. Bd3 Bxd3 10. Qxd3 Qc7 11. Bd2 e6 12. 0-0-0 Bd6 13. Ne4 Bf4 14. Qa3 Bxd2+ 15. Rxd2 Ne7 16. Nd6+ Kf8 17. Ne5 Nxe5 18. dxe5 c5 19. Rh4 g5 20. hxg6 Nxg6 21. Re4 Rd8 22. Rg4 Nxe5 23. Nb5 Rd3 24. cxd3 Qb6 25. Rc4 Nxc4 26. dxc4 Ke7 27. Rd6 1-0

[Event "SE-2014-0-00173"]
[Site "LSS email"]
[Date "2014.08.10"]
[Round "?"]
[White "Rocek, Vladimir"]
[Black "Czech, Zygfryd"]
[Result "0-1"]
[WhiteElo "1033"]
[BlackElo "1366"]
[PlyCount "56"]
[EventDate "2014.06.22"]
[EventType "tourn (corr)"]
[EventRounds "6"]
[EventCountry "GER"]
[SourceTitle "Corr 2015"]
[Source "ChessBase"]
[SourceDate "2015.07.17"]
[SourceVersion "1"]
[SourceVersionDate "2015.07.17"]
[SourceQuality "1"]

1. e4 c5 2. c3 Nf6 3. e5 Nd5 4. d4 cxd4 5. cxd4 e6 6. Nc3 d6 7. f4 dxe5 8. fxe5 Bb4 9. Bd2 Qh4+ 10. g3 Qxd4 11. Nge2 Qxe5 12. Nxd5 Bxd2+ 13. Qxd2 exd5 14. Rd1 0-0 15. Qxd5 Qxb2 16. Nf4 Bg4 17. Rd2 Qb4 18. Kf2 Nc6 19. Rc2 Rad8 20. Qc5 Rd2+ 21. Be2 Rxc2 22. Qxc2 Qb6+ 23. Kg2 Nd4 24. Qc4 Rc8 25. Qd3 Qc6+ 26. Kg1 Nxe2+ 27. Nxe2 Bh3 28. Nf4 Qb6+ 0-1

[Event "ZL-2014-0-01462"]
[Site "LSS email"]
[Date "2014.06.07"]
[Round "?"]
[White "Czech, Zygfryd"]
[Black "Lenz, Juergen"]
[Result "1-0"]
[WhiteElo "1469"]
[BlackElo "1170"]
[PlyCount "55"]
[EventDate "2014.05.29"]
[EventType "match (corr)"]
[EventRounds "2"]
[EventCountry "GER"]
[SourceTitle "Corr 2022"]
[Source "ChessBase"]
[SourceDate "2021.10.24"]
[SourceVersion "1"]
[SourceVersionDate "2021.10.24"]
[SourceQuality "1"]

1. e4 Nf6 2. e5 Nd5 3. d4 d6 4. Nf3 Nc6 5. c4 Nb6 6. exd6 exd6 7. Be2 Be7 8. 0-0 0-0 9. h3 Bf6 10. d5 Ne7 11. Re1 Ng6 12. Bd3 Ne5 13. Nxe5 Bxe5 14. Nd2 f5 15. Nf3 Bf6 16. Qc2 g6 17. Bh6 Re8 18. Rxe8+ Qxe8 19. Re1 Qf7 20. Ng5 Bxg5 21. Bxg5 Bd7 22. Re7 Qf8 23. c5 dxc5 24. Bc4 Nxc4 25. Qxc4 Be8 26. d6+ Bf7 27. Qh4 cxd6 28. Bh6 1-0

[Event "ZL-2014-0-01461"]
[Site "LSS email"]
[Date "2014.06.07"]
[Round "?"]
[White "Lauer, Frederic"]
[Black "Czech, Zygfryd"]
[Result "0-1"]
[WhiteElo "1126"]
[BlackElo "1469"]
[PlyCount "64"]
[EventDate "2014.05.29"]
[EventType "match (corr)"]
[EventRounds "2"]
[EventCountry "GER"]
[SourceTitle "Corr 2022"]
[Source "ChessBase"]
[SourceDate "2021.10.24"]
[SourceVersion "1"]
[SourceVersionDate "2021.10.24"]
[SourceQuality "1"]

1. e4 c5 2. Nf3 d6 3. d4 cxd4 4. Nxd4 Nf6 5. Nc3 a6 6. Bg5 e6 7. f4 Qb6 8. Qd2 Qxb2 9. Rb1 Qa3 10. e5 dxe5 11. fxe5 Nfd7 12. Ne4 h6 13. Bh4 Qxa2 14. Rd1 Qd5 15. Qe3 Bc5 16. Nxe6 Bb4+ 17. c3 Qxe6 18. cxb4 0-0 19. Rd6 Qxe5 20. Bc4 b5 21. Bd5 Qa1+ 22. Kf2 Qxh1 23. Bxa8 Ne5 24. Qg3 Qa1 25. Rxh6 Ng4+ 26. Ke2 Nxh6 27. Bf6 Bg4+ 28. Kd2 Qd1+ 29. Kc3 Rc8+ 30. Kb2 Qc1+ 31. Ka2 Rc2+ 32. Kb3 Qb1+ 0-1

[Event "LSS No Engine Cup 110 Preliminary 6"]
[Site "LSS email"]
[Date "2014.05.16"]
[Round "?"]
[White "Czech, Zygfryd"]
[Black "Pech, Jaroslav Jr"]
[Result "0-1"]
[WhiteElo "1366"]
[BlackElo "1699"]
[PlyCount "72"]
[EventDate "2014.05.17"]
[EventType "tourn (corr)"]
[EventRounds "6"]
[EventCountry "GER"]
[SourceTitle "Corr 2015"]
[Source "ChessBase"]
[SourceDate "2015.07.17"]
[SourceVersion "1"]
[SourceVersionDate "2015.07.17"]
[SourceQuality "1"]

1. e4 c6 2. d4 d5 3. e5 Bf5 4. Be3 e6 5. c3 Nd7 6. Be2 Qb6 7. b3 f6 8. Bh5+ g6 9. Be2 fxe5 10. dxe5 Qc7 11. f4 g5 12. fxg5 Nxe5 13. Bh5+ Kd7 14. Be2 h6 15. Nd2 hxg5 16. Ndf3 Ng4 17. Qd4 Nxe3 18. Qxe3 Nf6 19. Ne5+ Ke8 20. g4 Be4 21. Ngf3 Rh3 22. Qxg5 Bg7 23. Rf1 Nh7 24. Qf4 Rc8 25. Rd1 Bxf3 26. Rxf3 Bxe5 27. Qe3 Rxh2 28. g5 Qg7 29. g6 Nf8 30. Kd2 Nxg6 31. Rg1 Kd7 32. a4 Bc7 33. Qg5 Rg8 34. Qf6 Qh6+ 35. Kd1 Qh7 36. b4 Ne5 0-1

[Event "LSS No Engine Cup 110 Preliminary 6"]
[Site "LSS email"]
[Date "2014.05.16"]
[Round "?"]
[White "Rocek, Vladimir"]
[Black "Czech, Zygfryd"]
[Result "0-1"]
[WhiteElo "1033"]
[BlackElo "1366"]
[PlyCount "72"]
[EventDate "2014.05.17"]
[EventType "tourn (corr)"]
[EventRounds "6"]
[EventCountry "GER"]
[SourceTitle "Corr 2015"]
[Source "ChessBase"]
[SourceDate "2015.07.17"]
[SourceVersion "1"]
[SourceVersionDate "2015.07.17"]
[SourceQuality "1"]

1. e4 c5 2. c3 Nf6 3. e5 Nd5 4. d4 cxd4 5. cxd4 e6 6. Nc3 d6 7. Nxd5 exd5 8. Nf3 Nc6 9. Be2 dxe5 10. dxe5 Bb4+ 11. Bd2 Qa5 12. a3 Bxd2+ 13. Qxd2 Qxd2+ 14. Kxd2 0-0 15. Ke3 Re8 16. Kf4 f6 17. Bb5 fxe5+ 18. Kg3 Re6 19. h3 e4 20. Nh4 Nd4 21. Ba4 Ra6 22. Bd1 g5 23. Rc1 Rf6 24. Nf3 exf3 25. gxf3 Rf7 26. Rc3 Be6 27. Rd3 Rf4 28. Re1 Kf7 29. Rc3 Re8 30. Rc7+ Re7 31. Rc3 Kf6 32. b4 Nf5+ 33. Kg2 Nh4+ 34. Kg3 h5 35. Bc2 d4 36. Rc5 Rxf3+ 0-1

[Event "LSS No Engine Cup 109 Preliminary 3"]
[Site "LSS email"]
[Date "2014.04.26"]
[Round "?"]
[White "Gavrileteanu, Lucian"]
[Black "Czech, Zygfryd"]
[Result "1/2-1/2"]
[WhiteElo "1635"]
[BlackElo "1362"]
[PlyCount "113"]
[EventDate "2014.04.27"]
[EventType "tourn (corr)"]
[EventRounds "6"]
[EventCountry "GER"]
[SourceTitle "Corr 2015"]
[Source "ChessBase"]
[SourceDate "2015.07.17"]
[SourceVersion "1"]
[SourceVersionDate "2015.07.17"]
[SourceQuality "1"]

1. e4 c5 2. Nf3 d6 3. d4 cxd4 4. Nxd4 Nf6 5. f3 Nc6 6. Nc3 e5 7. Nb3 Be7 8. Be3 0-0 9. Qd2 a5 10. Bb5 Na7 11. Bc4 Be6 12. Bxe6 fxe6 13. Qe2 d5 14. exd5 exd5 15. Bxa7 Rxa7 16. Qxe5 a4 17. Qe3 Ra8 18. Nd4 a3 19. b3 Bb4 20. 0-0 Bc5 21. Rad1 Qd7 22. Kh1 Rae8 23. Qg5 Qf7 24. Nf5 Kh8 25. Nxd5 h6 26. Nxh6 gxh6 27. Qxh6+ Qh7 28. Qxf6+ Rxf6 29. Nxf6 Qxc2 30. Nxe8 Qxa2 31. Nf6 Be7 32. Nd5 Bf8 33. Nf4 Qxb3 34. Ng6+ Kg7 35. Nxf8 Kxf8 36. f4 b5 37. f5 a2 38. Rd8+ Kf7 39. f6 Qc4 40. Rd7+ Kg6 41. Rdd1 Qf7 42. Rd4 Qe6 43. h3 Kf7 44. h4 Qf5 45. Rdd1 Qg4 46. Rd2 Qxh4+ 47. Kg1 Qc4 48. Ra1 b4 49. Raxa2 Kxf6 50. g3 b3 51. Rf2+ Kg5 52. Rab2 Qd3 53. Kg2 Qc3 54. Rbd2 Qc6+ 55. Kg1 Kg6 56. Rb2 Qc1+ 57. Kh2 1/2-1/2

[Event "LSS No Engine Cup 108 Preliminary 0"]
[Site "LSS email"]
[Date "2014.04.10"]
[Round "?"]
[White "Czech, Zygfryd"]
[Black "Bester, Kazimierz"]
[Result "1-0"]
[WhiteElo "1600"]
[BlackElo "965"]
[PlyCount "57"]
[EventDate "2014.04.11"]
[EventType "tourn (corr)"]
[EventRounds "6"]
[EventCountry "GER"]
[SourceTitle "Corr 2022"]
[Source "ChessBase"]
[SourceDate "2021.10.24"]
[SourceVersion "1"]
[SourceVersionDate "2021.10.24"]
[SourceQuality "1"]

1. e4 d5 2. exd5 Qxd5 3. Nc3 Qa5 4. Bc4 Nf6 5. d3 Nc6 6. Bd2 Bd7 7. Nd5 Qc5 8. Nxc7+ Kd8 9. Nxa8 a6 10. Bf4 e5 11. Be3 Qb4+ 12. c3 Qxb2 13. Ne2 Ng4 14. Bb6+ Kc8 15. a3 Kb8 16. Ra2 Qxa2 17. Bxa2 Kxa8 18. Bxf7 Be7 19. Qb3 Rf8 20. 0-0 Nh6 21. Bd5 Rf6 22. Rb1 Nf5 23. Bc7 b5 24. c4 Kb7 25. Bxe5 Rg6 26. cxb5 axb5 27. Qxb5+ Kc8 28. Qb8+ Nxb8 29. Rxb8# 1-0

[Event "OP-2014-0-03346"]
[Site "LSS email"]
[Date "2014.03.21"]
[Round "?"]
[White "Czech, Zygfryd"]
[Black "Ortega, Rayner"]
[Result "1-0"]
[WhiteElo "1224"]
[BlackElo "619"]
[PlyCount "75"]
[EventDate "2014.03.17"]
[EventType "tourn (corr)"]
[EventRounds "4"]
[EventCountry "GER"]
[SourceTitle "Telechess CBM 167"]
[Source "ChessBase"]
[SourceDate "2015.07.13"]
[SourceVersion "1"]
[SourceVersionDate "2015.07.13"]
[SourceQuality "1"]

1. e4 e5 2. Nf3 d6 3. d4 Be7 4. dxe5 dxe5 5. Qxd8+ Bxd8 6. Nxe5 Nf6 7. Nc3 0-0 8. Bf4 Nc6 9. Nxc6 bxc6 10. 0-0-0 Bg4 11. f3 Be6 12. Ne2 Bxa2 13. b3 Rb8 14. Nd4 c5 15. Nc6 Rb6 16. Nxd8 Bxb3 17. cxb3 Rxb3 18. Bxc7 Ra3 19. Kb2 Ra4 20. Nc6 h6 21. Bb5 Rb4+ 22. Nxb4 cxb4 23. Kb3 Rc8 24. Rd8+ Rxd8 25. Bxd8 Nh5 26. Bc7 g5 27. Rd1 Ng7 28. Rd8+ Kh7 29. Bd3 Ne6 30. e5+ Kg7 31. Rc8 Nf4 32. Be4 Nxg2 33. Bd8 f5 34. exf6+ Kf7 35. Bd5+ Kg6 36. f7 Nf4 37. f8Q Nxd5 38. Rc6+ 1-0

[Event "OP-2014-0-03346"]
[Site "LSS email"]
[Date "2014.03.21"]
[Round "?"]
[White "Lenz, Juergen"]
[Black "Czech, Zygfryd"]
[Result "0-1"]
[WhiteElo "1087"]
[BlackElo "1224"]
[PlyCount "46"]
[EventDate "2014.03.17"]
[EventType "tourn (corr)"]
[EventRounds "4"]
[EventCountry "GER"]
[SourceTitle "Telechess CBM 167"]
[Source "ChessBase"]
[SourceDate "2015.07.13"]
[SourceVersion "1"]
[SourceVersionDate "2015.07.13"]
[SourceQuality "1"]

1. d4 Nf6 2. Nf3 d5 3. Bf4 c5 4. e3 Nc6 5. c3 Qb6 6. Qb3 c4 7. Qc2 Bf5 8. Qc1 e6 9. Nbd2 Nh5 10. Bg5 f6 11. Bh4 g5 12. Bg3 0-0-0 13. b3 Qa5 14. bxc4 Ba3 15. Qd1 Qxc3 16. Be2 Bb2 17. 0-0 Nxg3 18. hxg3 g4 19. Nh4 Bxa1 20. Nxf5 exf5 21. cxd5 Rxd5 22. Nb3 Bb2 23. Nc5 Qxc5 0-1

[Event "LSS No Engine Cup 104 Preliminary 2"]
[Site "LSS email"]
[Date "2014.02.05"]
[Round "?"]
[White "Czech, Zygfryd"]
[Black "Schoppe, Gottfried"]
[Result "1-0"]
[WhiteElo "1600"]
[BlackElo "1600"]
[PlyCount "21"]
[EventDate "2014.02.06"]
[EventType "tourn (corr)"]
[EventRounds "6"]
[EventCountry "GER"]
[SourceTitle "Corr 2022"]
[Source "ChessBase"]
[SourceDate "2021.10.24"]
[SourceVersion "1"]
[SourceVersionDate "2021.10.24"]
[SourceQuality "1"]

1. e4 Nc6 2. Nf3 e5 3. Bb5 d6 4. d4 Bd7 5. Nc3 exd4 6. Nxd4 Nge7 7. 0-0 Ne5 8. Be2 g6 9. Bg5 Bg7 10. Nd5 Bf8 11. Nf6# 1-0

[Event "LSS No Engine Cup 104 Preliminary 2"]
[Site "LSS email"]
[Date "2014.02.05"]
[Round "?"]
[White "Korinek, Jaroslav"]
[Black "Czech, Zygfryd"]
[Result "1-0"]
[WhiteElo "1643"]
[BlackElo "1224"]
[PlyCount "131"]
[EventDate "2014.02.06"]
[EventType "tourn (corr)"]
[EventRounds "6"]
[EventCountry "GER"]
[SourceTitle "Telechess CBM 167"]
[Source "ChessBase"]
[SourceDate "2015.07.13"]
[SourceVersion "1"]
[SourceVersionDate "2015.07.13"]
[SourceQuality "1"]

1. e4 c5 2. Nf3 d6 3. d4 cxd4 4. Nxd4 Nf6 5. Nc3 a6 6. Bc4 e6 7. 0-0 b5 8. Bd3 Nbd7 9. f3 Be7 10. Nce2 Ne5 11. Nf4 d5 12. exd5 Nxd3 13. Qxd3 Nxd5 14. Rd1 e5 15. Nxd5 Qxd5 16. Ne2 Qc6 17. Be3 0-0 18. Qc3 Qf6 19. Ng3 Be6 20. Ne4 Qf5 21. Bc5 Bxc5+ 22. Qxc5 Rac8 23. Qf2 Rc6 24. Rd2 Qf4 25. Rad1 b4 26. Rd8 Rc8 27. R8d2 a5 28. Nd6 Rc6 29. Qa7 Bxa2 30. g3 Qxf3 31. Rf1 Rxd6 32. Rxd6 Qe2 33. b3 h6 34. Rf2 Qe1+ 35. Kg2 Qe4+ 36. Kh3 Bb1 37. Rdd2 f5 38. Rde2 Qd5 39. Qe7 e4 40. Rd2 Qc6 41. Rf1 Bxc2 42. Rc1 Qg6 43. Rcxc2 Qg4+ 44. Kg2 Qf3+ 45. Kg1 Qxb3 46. Rc7 Qe3+ 47. Kf1 Qf3+ 48. Kg1 Qe3+ 49. Rf2 Qg5 50. Qxg5 hxg5 51. Ra7 f4 52. Rxa5 e3 53. Re2 Rb8 54. Kg2 b3 55. Rb2 Rf8 56. gxf4 gxf4 57. Kf3 Re8 58. Rf5 e2 59. Rxe2 Rb8 60. Rb2 Kh7 61. Rxf4 Kg6 62. Kg2 Rb6 63. Rf3 Kg5 64. Rfxb3 Rd6 65. Rb5+ Kf4 66. R2b4+ 1-0

[Event "LSS No Engine Cup 104 Preliminary 2"]
[Site "LSS email"]
[Date "2014.02.05"]
[Round "?"]
[White "Pavlicek, Miroslav"]
[Black "Czech, Zygfryd"]
[Result "1-0"]
[WhiteElo "1840"]
[BlackElo "1224"]
[PlyCount "117"]
[EventDate "2014.02.06"]
[EventType "tourn (corr)"]
[EventRounds "6"]
[EventCountry "GER"]
[SourceTitle "Telechess CBM 167"]
[Source "ChessBase"]
[SourceDate "2015.07.13"]
[SourceVersion "1"]
[SourceVersionDate "2015.07.13"]
[SourceQuality "1"]

1. d4 Nf6 2. c4 e6 3. Nc3 Bb4 4. Qc2 0-0 5. a3 Bxc3+ 6. Qxc3 b6 7. Nf3 Bb7 8. e3 d6 9. Be2 a5 10. b3 Ne4 11. Qc2 Nd7 12. Bb2 f5 13. 0-0 Qe7 14. Rad1 Rae8 15. d5 Qf7 16. Nd4 exd5 17. f3 Nec5 18. b4 axb4 19. axb4 Na6 20. cxd5 Rxe3 21. Qd2 f4 22. Ne6 Re8 23. Bb5 h6 24. Nxg7 R8e5 25. Bxe5 Rxe5 26. Ne6 Rxd5 27. Nd8 Rxd2 28. Nxf7 Rxd1 29. Nxh6+ Kh7 30. Rxd1 Kxh6 31. Bxd7 Nxb4 32. Rd4 Nd5 33. Be6 Nc3 34. Rc4 Bd5 35. Rxc7 Nb5 36. Re7 Bxe6 37. Rxe6+ Kg5 38. Kf2 Kf5 39. Rh6 Kg5 40. Rh8 Nc3 41. Rc8 Nd1+ 42. Ke2 Ne3 43. g4 d5 44. Rg8+ Kf6 45. h4 Kf7 46. Rb8 Nc4 47. g5 Kg6 48. Kd3 Ne5+ 49. Ke2 Nc4 50. Rf8 Kh5 51. Rxf4 Ne5 52. Rd4 Ng6 53. Rb4 b5 54. Ke3 Ne7 55. Rxb5 Kxh4 56. Rb7 Ng6 57. f4 Kg4 58. Rf7 Nh8 59. Rf6 1-0

[Event "OP-2014-0-03259"]
[Site "LSS email"]
[Date "2014.01.26"]
[Round "?"]
[White "Czech, Zygfryd"]
[Black "Korinek, Jaroslav"]
[Result "1/2-1/2"]
[WhiteElo "1145"]
[BlackElo "1662"]
[PlyCount "70"]
[EventDate "2014.01.23"]
[EventType "tourn (corr)"]
[EventRounds "4"]
[EventCountry "GER"]
[SourceTitle "Telechess CBM 167"]
[Source "ChessBase"]
[SourceDate "2015.07.13"]
[SourceVersion "1"]
[SourceVersionDate "2015.07.13"]
[SourceQuality "1"]

1. e4 e5 2. Nf3 Nc6 3. Bb5 a6 4. Ba4 Nf6 5. 0-0 Be7 6. Re1 b5 7. Bb3 0-0 8. c3 d5 9. exd5 Nxd5 10. Nxe5 Nxe5 11. Rxe5 c6 12. d4 Bd6 13. Re1 Qh4 14. g3 Qh3 15. Be3 Bg4 16. Qd3 Rae8 17. Nd2 f5 18. f4 Kh8 19. Bxd5 cxd5 20. Qf1 Qh5 21. a4 Bh3 22. Qd3 g5 23. fxg5 f4 24. Bxf4 Bxf4 25. gxf4 Rxe1+ 26. Rxe1 Rxf4 27. Nf1 Rf3 28. Ng3 Qg4 29. Qd2 Rxg3+ 30. hxg3 Qxg3+ 31. Kh1 Bg2+ 32. Qxg2 Qxe1+ 33. Kh2 Qh4+ 34. Kg1 Qe1+ 35. Kh2 Qh4+ 1/2-1/2

[Event "OP-2014-0-03259"]
[Site "LSS email"]
[Date "2014.01.26"]
[Round "?"]
[White "Schalkwijk, Peter H"]
[Black "Czech, Zygfryd"]
[Result "0-1"]
[WhiteElo "1435"]
[BlackElo "1145"]
[PlyCount "106"]
[EventDate "2014.01.23"]
[EventType "tourn (corr)"]
[EventRounds "4"]
[EventCountry "GER"]
[SourceTitle "Telechess CBM 167"]
[Source "ChessBase"]
[SourceDate "2015.07.13"]
[SourceVersion "1"]
[SourceVersionDate "2015.07.13"]
[SourceQuality "1"]

1. d4 Nf6 2. Nc3 d5 3. Bg5 Nbd7 4. Nf3 g6 5. e3 c6 6. Bd3 Bg7 7. Qd2 h6 8. Bf4 Nh5 9. Bg3 Nxg3 10. hxg3 e5 11. dxe5 Nxe5 12. Nd4 Qe7 13. 0-0-0 Bg4 14. f3 Bd7 15. Kb1 Nxd3 16. cxd3 0-0-0 17. Nb3 h5 18. d4 Bf5+ 19. Ka1 Bh6 20. Rde1 Qc7 21. Ne2 Kb8 22. Nf4 Ka8 23. Nc5 Bg5 24. Rc1 Be7 25. Ncd3 Rhe8 26. Rc3 Qa5 27. Nc5 b6 28. Ncd3 Bd6 29. Qc1 Qb5 30. Rb3 Qc4 31. Rc3 Qa6 32. a3 Qb5 33. Qd2 Bd7 34. Rhc1 Qa4 35. Ka2 Re7 36. Nf2 Rh8 37. Qc2 Qxc2 38. R1xc2 g5 39. N4h3 Bxg3 40. Nxg5 Rg8 41. Ngh3 h4 42. b4 Bb8 43. Nd1 f6 44. Rf2 a6 45. Nf4 Kb7 46. Nh5 Rf7 47. Kb3 Rg5 48. Nf4 Bxf4 49. exf4 Rf5 50. Ne3 Rxf4 51. a4 Rxd4 52. Rfc2 c5 53. bxc5 Bxa4+ 0-1

[Event "OP-2013-0-03031"]
[Site "LSS email"]
[Date "2013.09.30"]
[Round "?"]
[White "Czech, Zygfryd"]
[Black "Kolanek, Roman"]
[Result "0-1"]
[WhiteElo "1006"]
[BlackElo "1973"]
[PlyCount "82"]
[EventDate "2013.09.28"]
[EventType "tourn (corr)"]
[EventRounds "4"]
[EventCountry "GER"]
[SourceTitle "Telechess CBM 163"]
[Source "ChessBase"]
[SourceDate "2014.11.11"]
[SourceVersion "2"]
[SourceVersionDate "2014.11.11"]
[SourceQuality "1"]

1. e4 c5 2. Nf3 d6 3. d4 cxd4 4. Nxd4 Nf6 5. Nc3 a6 6. f3 e5 7. Nb3 Be6 8. Bd3 Be7 9. Qd2 Nc6 10. Nd5 Nxd5 11. exd5 Bxd5 12. 0-0 Be6 13. f4 0-0 14. Qe1 Rc8 15. Be3 exf4 16. Bxf4 Re8 17. Qe4 g6 18. c3 Bf6 19. Qf3 Ne5 20. Bxe5 Bxe5 21. Qxb7 Qh4 22. h3 Qg5 23. Bxa6 Ra8 24. Rf3 Bd5 25. Qxd5 Bh2+ 26. Kxh2 Qxd5 27. Bd3 Kg7 28. Bf1 Reb8 29. Kh1 Qg5 30. c4 Qe5 31. Rd1 Rxa2 32. Nc1 Ra1 33. Nd3 Rxd1 34. Nxe5 dxe5 35. Rf2 Rb1 36. Kg1 R8xb2 37. Rxb2 Rxb2 38. Bd3 f5 39. c5 e4 40. Ba6 Kf6 41. c6 Rc2 0-1

[Event "CP-2013-P-00050"]
[Site "LSS email"]
[Date "2013.09.30"]
[Round "?"]
[White "Czech, Zygfryd"]
[Black "Reede, Arvo"]
[Result "0-1"]
[WhiteElo "800"]
[BlackElo "1750"]
[PlyCount "164"]
[EventDate "2013.10.01"]
[EventType "tourn (corr)"]
[EventRounds "6"]
[EventCountry "GER"]
[SourceTitle "Corr 2022"]
[Source "ChessBase"]
[SourceDate "2021.10.24"]
[SourceVersion "1"]
[SourceVersionDate "2021.10.24"]
[SourceQuality "1"]

1. e4 c5 2. Nf3 e6 3. d4 cxd4 4. Nxd4 Nf6 5. Nc3 Bb4 6. e5 Ne4 7. Qg4 Nxc3 8. Qxg7 Rf8 9. a3 Nb5+ 10. axb4 Nxd4 11. Bg5 Qb6 12. Bh6 Qxb4+ 13. c3 Nf5 14. cxb4 Nxg7 15. Bxg7 Rg8 16. Bf6 Nc6 17. Bd3 h6 18. b5 Nb4 19. Be4 Nd5 20. Bxd5 exd5 21. b6 a6 22. Rd1 d6 23. Rxd5 Rxg2 24. Rxd6 Bg4 25. h3 Bf3 26. Rf1 Rh2 27. Kd2 Rh1 28. Rxh1 Bxh1 29. f4 Be4 30. Ke3 Bf5 31. h4 Rc8 32. Kd4 h5 33. b4 Bd7 34. Bg5 Be6 35. Ke4 Rc4+ 36. Kd3 Rc8 37. Ke3 Rc3+ 38. Ke2 Rc2+ 39. Kd1 Rc8 40. Kd2 Kf8 41. Bf6 Ke8 42. Ke3 Bd7 43. Rd4 Bf5 44. Rd5 Be6 45. Rd2 Bf5 46. Rg2 Bg4 47. f5 Bxf5 48. Rg8+ Kd7 49. Rg7 Bg6 50. Kd4 Rc6 51. Rg8 Rxb6 52. Kc4 Rc6+ 53. Kb3 Be4 54. Rb8 Kc7 55. Rf8 Bd5+ 56. Kb2 Rc4 57. Rh8 Rxb4+ 58. Ka3 Rb3+ 59. Ka2 b5 60. Ka1 b4 61. Rxh5 Ra3+ 62. Kb1 Rf3 63. Rg5 Rf1+ 64. Kb2 Rf2+ 65. Kc1 b3 66. e6 fxe6 67. Bb2 Rc2+ 68. Kb1 Be4 69. Ka1 Re2 70. Rc5+ Kd7 71. Rc3 a5 72. Rxb3 Re1+ 73. Ka2 Bd5 74. Ka3 Bxb3 75. Kxb3 Rb1 76. h5 Rxb2+ 77. Kxb2 Ke7 78. Ka3 e5 79. h6 Kf7 80. Kb3 Kg6 81. h7 Kxh7 82. Ka4 e4 0-1

[Event "CP-2013-P-00050"]
[Site "LSS email"]
[Date "2013.09.30"]
[Round "?"]
[White "Kurowski, Andrzej"]
[Black "Czech, Zygfryd"]
[Result "1/2-1/2"]
[WhiteElo "2126"]
[BlackElo "800"]
[PlyCount "200"]
[EventDate "2013.10.01"]
[EventType "tourn (corr)"]
[EventRounds "6"]
[EventCountry "GER"]
[SourceTitle "Corr 2022"]
[Source "ChessBase"]
[SourceDate "2021.10.24"]
[SourceVersion "1"]
[SourceVersionDate "2021.10.24"]
[SourceQuality "1"]

1. d4 Nf6 2. c4 e6 3. Nc3 Bb4 4. e3 0-0 5. Bd3 d5 6. Nf3 c5 7. 0-0 Nc6 8. a3 Ba5 9. h3 Qe7 10. Qc2 dxc4 11. Bxc4 Rd8 12. Rd1 cxd4 13. exd4 Bb6 14. Be3 h6 15. Rac1 a6 16. Ba2 Bd7 17. Re1 Qf8 18. Bb1 Ne7 19. Ne5 Bc6 20. Ng4 Nf5 21. Nxf6+ gxf6 22. d5 Bxe3 23. fxe3 Bxd5 24. Qf2 Bc6 25. Bxf5 exf5 26. e4 fxe4 27. Nxe4 Bxe4 28. Rxe4 Rd6 29. Qg3+ Kh8 30. Rc7 Rd1+ 31. Kh2 Rc8 32. Rxb7 Rcc1 33. Qf4 Rh1+ 34. Kg3 Qg7+ 35. Qg4 Rc5 36. Re8+ Kh7 37. Ree7 Rg5 38. Rxf7 Rxg4+ 39. hxg4 Qxf7 40. Rxf7+ Kg6 41. Ra7 Rd1 42. Rxa6 Rd3+ 43. Kf4 Rb3 44. Ra8 Rxb2 45. Kg3 Rb3+ 46. Kh4 Rb2 47. Kh3 Rb3+ 48. g3 Rb1 49. a4 Rb2 50. a5 Ra2 51. Ra7 Ra4 52. Kg2 Rxg4 53. a6 Ra4 54. Ra8 Ra3 55. a7 Kf5 56. Kh3 h5 57. Kg2 Ra2+ 58. Kf3 Ra3+ 59. Ke2 Ra1 60. Kd3 Ra3+ 61. Kc4 Ra1 62. Kc5 Rc1+ 63. Kd6 Ra1 64. Kc6 Ra3 65. Kb5 Ra1 66. Kb4 Ra2 67. Kb3 Ra1 68. Kb2 Ra5 69. Kb3 Ra1 70. Kb4 Ra2 71. Kb5 Rb2+ 72. Kc6 Ra2 73. Kb7 Rb2+ 74. Kc7 Rc2+ 75. Kd7 Ra2 76. Ke7 Ra3 77. Kf7 Ra1 78. Kg7 Ra2 79. Kh6 Ra3 80. Kxh5 Rxg3 81. Kh6 Ra3 82. Kg7 Ra6 83. Kf7 Kf4 84. Ke7 f5 85. Kd7 Kf3 86. Kc7 Ra1 87. Kb6 Rb1+ 88. Kc5 Rc1+ 89. Kd4 Ra1 90. Ke5 f4 91. Kf5 Ra6 92. Kg5 Ra5+ 93. Kh4 Ra1 94. Kg5 Ra5+ 95. Kh4 Ra1 96. Kg5 Rg1+ 97. Kh4 Rh1+ 98. Kg5 Rg1+ 99. Kh4 Rh1+ 100. Kg5 Rg1+ 1/2-1/2